000 00519nam a2200145Ia 4500
008 100204s9999 xx 000 0 und d
082 _b3815
100 _aकाकोडकर चंद्र्रकांत
245 _aनच सुंदरी करु कोपा
260 _bयुवराज प्रकाशन पुणे
_c1980
300 _a157
630 _aनच सुंदरी करु कोपा
730 _aनच सुंदरी करु कोपा
942 _cBOOK
999 _c448700
_d448697